000 00717nam a2200181Ia 4500
008 151018s9999 xx 000 0 und d
082 _bRBASDV40816
_a340
100 _aअभया शेलकर
245 _aमहाराष्ट्र सवसाधारण भविष्यनिवाह
250 _b1
260 _bनाशिक लॉ हाऊस
_c2006
300 _a60
600 _aअभया शेलकर
630 _aमहाराष्ट्र सवसाधारण भविष्यनिवाह
700 _aअभया शेलकर
730 _aमहाराष्ट्र सवसाधारण भविष्यनिवाह
942 _cBOOK
999 _c1040090
_d1040087